000 nam a22 7a 4500
999 _c15472
_d15472
008 161101b xxu||||| |||| 00| 0 eng d
050 _aQA 37 .R44 1971
100 _aRees, Paul Klein
245 _aPrinciples of mathematics/
_cPaul Klein Rees.
250 _a2nd ed.
260 _a Englewood Cliffs, N.J. :
_bPrentice-Hall,
_c ©1982.
300 _axiii, 423p. :
_bill. ;
_c23cm.
500 _aIncludes bibliography and index.
650 _aMathematics.
942 _2lcc
_cBOOKS
_hQA 37 .R44 1971